000 00631cam a2200205 a 4500
001 3313866
005 20250115091852.0
008 840517s1985 maua b 001 0 eng
020 _a9780878937448
_c$30.00 (est.)
050 0 0 _aQP363.5
_b.P87 1985
082 0 0 _a591.3/33
_219
100 1 _aPurves, Dale.
245 1 0 _aPrinciples of neural development /
_cDale Purves and Jeff W. Lichtman.
260 _aSunderland, Mass. :
_bSinauer Associates,
_cc1985.
300 _a433 p. :
_bill. ;
_c27 cm.
500 _aIncludes index.
650 0 _aDevelopmental neurobiology.
700 1 _aLichtman, Jeff W.,
_d1951-
942 _2lcc
_cBK
_n0
999 _c2541
_d2541